<?xml version="1.0" encoding="UTF-8"?><marc:collection xmlns:marc="http://www.loc.gov/MARC21/slim">
  <marc:record>
    <marc:leader>00000nam  2200000za 4500</marc:leader>
    <marc:controlfield tag="001">9.832550</marc:controlfield>
    <marc:controlfield tag="003">CaOODSP</marc:controlfield>
    <marc:controlfield tag="005">20230316160632</marc:controlfield>
    <marc:controlfield tag="007">cr |||||||||||</marc:controlfield>
    <marc:controlfield tag="008">170330s2017    onca    o    f000 0 fre d</marc:controlfield>
    <marc:datafield tag="020" ind1=" " ind2=" ">
      <marc:subfield code="a">9780660076638</marc:subfield>
    </marc:datafield>
    <marc:datafield tag="040" ind1=" " ind2=" ">
      <marc:subfield code="a">CaOODSP</marc:subfield>
      <marc:subfield code="b">fre</marc:subfield>
    </marc:datafield>
    <marc:datafield tag="043" ind1=" " ind2=" ">
      <marc:subfield code="a">n-cn---</marc:subfield>
    </marc:datafield>
    <marc:datafield tag="086" ind1="1" ind2=" ">
      <marc:subfield code="a">PS64-139/2017F-PDF</marc:subfield>
    </marc:datafield>
    <marc:datafield tag="245" ind1="0" ind2="0">
      <marc:subfield code="a">Guide de l’enquêteur sur les Services nationaux de laboratoire judiciaire </marc:subfield>
      <marc:subfield code="h">[ressource électronique] : </marc:subfield>
      <marc:subfield code="b">guide sur la collecte et la conservation d’éléments de preuve et leur transmission aux Services nationaux de laboratoire judiciaire (SNLJ) de la GRC.</marc:subfield>
    </marc:datafield>
    <marc:datafield tag="246" ind1="3" ind2="0">
      <marc:subfield code="a">Guide sur la collecte et la conservation d’éléments de preuve et leur transmission aux Services nationaux de laboratoire judiciaire (SNLJ) de la GRC</marc:subfield>
    </marc:datafield>
    <marc:datafield tag="260" ind1=" " ind2=" ">
      <marc:subfield code="a">[Ottawa] : </marc:subfield>
      <marc:subfield code="b">Gendarmerie royale du Canada, </marc:subfield>
      <marc:subfield code="c">c2017.</marc:subfield>
    </marc:datafield>
    <marc:datafield tag="300" ind1=" " ind2=" ">
      <marc:subfield code="a">62 p. : </marc:subfield>
      <marc:subfield code="b">ill. en coul.</marc:subfield>
    </marc:datafield>
    <marc:datafield tag="500" ind1=" " ind2=" ">
      <marc:subfield code="a">Publ. aussi en anglais sous le titre : Investigator's guide to National Forensic Laboratory Services: a guide on how to collect, preserve and submit evidence to the RCMP's National Forensic Laboratory Services (NFLS).</marc:subfield>
    </marc:datafield>
    <marc:datafield tag="500" ind1=" " ind2=" ">
      <marc:subfield code="a">Titre de la couv.</marc:subfield>
    </marc:datafield>
    <marc:datafield tag="520" ind1=" " ind2=" ">
      <marc:subfield code="a">« Le présent guide vise à aider les enquêteurs de police qui doivent recueillir et conserver des preuves matérielles et les transmettre aux Services nationaux de laboratoire judiciaire (SNLJ) de la GRC, qui tiennent lieu de système unique de laboratoires publics comptant trois établissements d’un océan à l’autre. En plus d’offrir des renseignements généraux aux enquêteurs, le présent guide fournit des exemples de types courants de pièces à conviction transmises aux différents secteurs des SNLJ : biologie (ADN), toxicologie, analyse de traces, contrefaçon et armes à feu. Il peut y avoir d’autres types d’éléments de preuve qui ne sont pas mentionnés ici. Pour toute question ou demande de renseignements généraux, communiquez avec le Centre d’évaluation judiciaire (CEJ) des SNLJ » -- Introd., p. 9.</marc:subfield>
    </marc:datafield>
    <marc:datafield tag="692" ind1="0" ind2="7">
      <marc:subfield code="2">gccst</marc:subfield>
      <marc:subfield code="a">Médecine légale</marc:subfield>
    </marc:datafield>
    <marc:datafield tag="692" ind1="0" ind2="7">
      <marc:subfield code="2">gccst</marc:subfield>
      <marc:subfield code="a">Laboratoire</marc:subfield>
    </marc:datafield>
    <marc:datafield tag="692" ind1="0" ind2="7">
      <marc:subfield code="2">gccst</marc:subfield>
      <marc:subfield code="a">Service de police</marc:subfield>
    </marc:datafield>
    <marc:datafield tag="710" ind1="2" ind2=" ">
      <marc:subfield code="a">Gendarmerie royale du Canada.</marc:subfield>
    </marc:datafield>
    <marc:datafield tag="775" ind1="0" ind2="8">
      <marc:subfield code="t">Investigator's guide to National Forensic Laboratory Services </marc:subfield>
      <marc:subfield code="w">(CaOODSP)9.832548</marc:subfield>
    </marc:datafield>
    <marc:datafield tag="794" ind1=" " ind2=" ">
      <marc:subfield code="t">Guide de l’enquêteur sur les Services nationaux de laboratoire judiciaire : </marc:subfield>
      <marc:subfield code="w">(CaOODSP)9.867532</marc:subfield>
    </marc:datafield>
    <marc:datafield tag="856" ind1="4" ind2="0">
      <marc:subfield code="q">PDF</marc:subfield>
      <marc:subfield code="s">1.02 MB</marc:subfield>
      <marc:subfield code="u">https://publications.gc.ca/collections/collection_2017/grc-rcmp/PS64-139-2017-fra.pdf</marc:subfield>
    </marc:datafield>
  </marc:record>
</marc:collection>
